[Event "Naantali Avoin op"]
[Site "Naantali"]
[Date "2018.07.05"]
[Round "5"]
[White "Norri, Ilkka"]
[Black "Asikainen, Eeli"]
[Result "0-1"]
[WhiteElo "1535"]
[BlackElo "1310"]
[PlyCount "70"]
[EventDate "2018.07.02"]
[EventType "swiss"]
[EventRounds "9"]
[EventCountry "FIN"]
[SourceTitle "EXT 2019"]
[Source "ChessBase"]
[SourceDate "2018.10.10"]
[SourceVersion "1"]
[SourceVersionDate "2018.10.10"]
[SourceQuality "1"]

1. e4 e5 2. Nf3 Nc6 3. d4 exd4 4. Nxd4 Nxd4 5. Qxd4 Ne7 6. Bf4 Nc6 7. Qd1 Bc5 8. c3 0-0 9. Nd2 Re8 10. Qc2 d6 11. f3 Be6 12. Bc4 Bxc4 13. Nxc4 f5 14. 0-0-0 fxe4 15. fxe4 Qf6 16. Rhf1 Qg6 17. Rde1 Re7 18. g3 Rae8 19. Nd2 d5 20. Qb3 Qe6 21. Nf3 dxe4 22. Ng5 Qxb3 23. axb3 h6 24. b4 Bb6 25. Nh3 g5 26. Be3 Bxe3+ 27. Rxe3 Ne5 28. Kc2 Nf3 29. Rfxf3 exf3 30. Rxf3 g4 31. Rf6 gxh3 32. Rxh6 Re2+ 33. Kb3 Rxh2 34. Rh4 Re7 35. Rg4+ Rg7 0-1

[Event "Naantali Avoin op"]
[Site "Naantali"]
[Date "2017.07.07"]
[Round "7"]
[White "Ronnberg, Ilse"]
[Black "Norri, Ilkka"]
[Result "1-0"]
[WhiteElo "1674"]
[BlackElo "1556"]
[PlyCount "75"]
[EventDate "2017.07.03"]
[EventType "swiss"]
[EventRounds "7"]
[EventCountry "FIN"]
[SourceTitle "EXT 2018"]
[Source "ChessBase"]
[SourceDate "2017.10.13"]
[SourceVersion "1"]
[SourceVersionDate "2017.10.13"]
[SourceQuality "1"]

1. e4 c6 2. Nc3 d5 3. exd5 cxd5 4. f4 a6 5. Nf3 Bg4 6. d4 Nf6 7. Be2 e6 8. 0-0 Nbd7 9. Ne5 Bf5 10. g4 Be4 11. g5 Nxe5 12. fxe5 Nd7 13. Nxe4 dxe4 14. Bg4 Nxe5 15. dxe5 Bc5+ 16. Kg2 0-0 17. Qxd8 Raxd8 18. Bf4 e3 19. Rfe1 Rd2+ 20. Re2 Rxe2+ 21. Bxe2 Rd8 22. Bd3 Rd4 23. Bxe3 Rd5 24. Bxc5 Rxc5 25. Re1 g6 26. b3 Rd5 27. Re4 b5 28. Kf3 a5 29. Ke3 b4 30. Kf4 Kg7 31. h4 h5 32. Rc4 Kf8 33. Ke4 Kg7 34. Rc7 Kf8 35. Rb7 a4 36. Rxb4 axb3 37. axb3 Ra5 38. Ra4 1-0

[Event "Naantali Avoin op"]
[Site "Naantali"]
[Date "2017.07.05"]
[Round "4"]
[White "Norri, Ilkka"]
[Black "Pihlajamaki, Antti"]
[Result "0-1"]
[WhiteElo "1556"]
[BlackElo "1846"]
[PlyCount "80"]
[EventDate "2017.07.03"]
[EventType "swiss"]
[EventRounds "7"]
[EventCountry "FIN"]
[SourceTitle "EXT 2018"]
[Source "ChessBase"]
[SourceDate "2017.10.13"]
[SourceVersion "1"]
[SourceVersionDate "2017.10.13"]
[SourceQuality "1"]

1. e4 e5 2. Nf3 Nc6 3. d4 exd4 4. Nxd4 Bc5 5. Be3 Qf6 6. c3 Nge7 7. Be2 Nxd4 8. Bxd4 Bxd4 9. Qxd4 Qg6 10. Bf3 Nc6 11. Qe3 0-0 12. 0-0 Re8 13. Nd2 Ne5 14. Kh1 d6 15. Rae1 Bd7 16. b3 a5 17. a4 b5 18. Qf4 Nd3 19. Qg3 Nxe1 20. Qxg6 hxg6 21. Rxe1 bxa4 22. bxa4 Bxa4 23. e5 Rab8 24. Ra1 Rxe5 25. h3 Bb3 26. Bc6 a4 27. Bxa4 Ra5 28. Rb1 Rxa4 29. Nxb3 c5 30. Kh2 c4 31. Nd2 Rxb1 32. Nxb1 Ra2 33. Kg3 Rb2 34. Na3 d5 35. Kf3 Rb3 36. Nc2 Rxc3+ 37. Ne3 d4 38. Ke4 dxe3 39. fxe3 Rd3 40. g4 Rd7 0-1

[Event "Naantali Avoin op"]
[Site "Naantali"]
[Date "2017.07.04"]
[Round "2"]
[White "Heikkila, Antti"]
[Black "Norri, Ilkka"]
[Result "1-0"]
[WhiteElo "1842"]
[BlackElo "1556"]
[PlyCount "71"]
[EventDate "2017.07.03"]
[EventType "swiss"]
[EventRounds "7"]
[EventCountry "FIN"]
[SourceTitle "EXT 2018"]
[Source "ChessBase"]
[SourceDate "2017.10.13"]
[SourceVersion "1"]
[SourceVersionDate "2017.10.13"]
[SourceQuality "1"]

1. c4 c6 2. g3 g6 3. d4 Bg7 4. Bg2 Nf6 5. Nc3 0-0 6. Nf3 d6 7. 0-0 Na6 8. h3 Nc7 9. Be3 Bd7 10. Qd2 Kh8 11. Bh6 Rb8 12. Rfd1 Qc8 13. Kh2 b5 14. Bxg7+ Kxg7 15. e4 bxc4 16. e5 Nfd5 17. exd6 exd6 18. Ne4 Ne8 19. Rdc1 f5 20. Nc3 Nxc3 21. Qxc3 d5 22. Ne5 Nf6 23. f3 Re8 24. b3 Qb7 25. bxc4 Qb2 26. Rc2 Qxc3 27. Rxc3 Rb2 28. Rb3 Rxb3 29. axb3 Be6 30. Rxa7+ Kh6 31. c5 Rb8 32. Nxc6 Rxb3 33. Nd8 Bc8 34. Nf7+ Kg7 35. Nd6+ Bd7 36. c6 1-0

[Event "Naantali op"]
[Site "Naantali"]
[Date "2014.07.06"]
[Round "9"]
[White "Levo, Niko"]
[Black "Norri, Ilkka"]
[Result "1-0"]
[WhiteElo "1498"]
[BlackElo "1558"]
[PlyCount "53"]
[EventDate "2014.06.30"]
[EventType "swiss"]
[EventRounds "9"]
[EventCountry "FIN"]
[SourceTitle "CBM 161 Extra"]
[Source "ChessBase"]
[SourceDate "2014.08.29"]
[SourceVersion "1"]
[SourceVersionDate "2014.08.29"]
[SourceQuality "1"]

1. e4 d5 2. exd5 Qxd5 3. d4 Nf6 4. Nf3 c6 5. c4 Qd8 6. Be2 Bf5 7. Nc3 e6 8. Bg5 Nbd7 9. Qb3 Qc7 10. g3 b6 11. 0-0-0 h6 12. Bf4 Bd6 13. Be3 0-0 14. h3 Rfb8 15. g4 Bh7 16. g5 Ne4 17. gxh6 Bf4 18. Rhg1 g6 19. Nxe4 Bxe3+ 20. fxe3 a5 21. Qc3 f6 22. d5 cxd5 23. Nxf6+ Nxf6 24. Qxf6 Qf7 25. Qxf7+ Kxf7 26. Ne5+ Ke7 27. Nc6+ 1-0

[Event "Naantali op"]
[Site "Naantali"]
[Date "2014.07.04"]
[Round "7"]
[White "Kinnunen, Tapio"]
[Black "Norri, Ilkka"]
[Result "0-1"]
[WhiteElo "1421"]
[BlackElo "1558"]
[PlyCount "122"]
[EventDate "2014.06.30"]
[EventType "swiss"]
[EventRounds "9"]
[EventCountry "FIN"]
[SourceTitle "CBM 161 Extra"]
[Source "ChessBase"]
[SourceDate "2014.08.29"]
[SourceVersion "1"]
[SourceVersionDate "2014.08.29"]
[SourceQuality "1"]

1. f4 d5 2. Nf3 Nf6 3. e3 c5 4. Be2 Nc6 5. c3 c4 6. 0-0 Bg4 7. d4 e6 8. Nbd2 Bd6 9. Ne5 Bxe2 10. Qxe2 Qc7 11. h3 0-0-0 12. a4 a5 13. g4 Bxe5 14. fxe5 Nxe5 15. dxe5 Qxe5 16. Qf3 h5 17. Qf4 Qxf4 18. exf4 hxg4 19. h4 Rxh4 20. Kg2 Rdh8 21. Rg1 Rh2+ 22. Kf1 R8h3 23. Rg2 Rh1+ 24. Rg1 Nh5 25. Rxh1 Rxh1+ 26. Kg2 Rd1 27. Nf1 f5 28. Ne3 Re1 29. Kf2 Rh1 30. Kg2 Rh3 31. Nc2 Kd7 32. Be3 Ng3 33. Re1 Ne4 34. Bf2 Nxf2 35. Kxf2 Rh2+ 36. Ke3 Rxc2 37. Rb1 Rh2 38. b4 cxb3 39. Rxb3 Kc6 40. Rb5 b6 41. Kd3 Ra2 42. Rb1 Rxa4 43. Re1 Kd6 44. Rf1 b5 45. Kc2 Rc4 46. Kb3 a4+ 47. Kb2 b4 48. cxb4 Rxb4+ 49. Ka3 Rc4 50. Rb1 Kc6 51. Rf1 d4 52. Re1 Kd5 53. Re5+ Kd6 54. Ra5 g3 55. Ra7 d3 56. Rxg7 d2 57. Rg8 Rc7 58. Rxg3 d1Q 59. Rd3+ Qxd3+ 60. Kb2 Rc2+ 61. Ka1 Qd1# 0-1

[Event "Naantali op"]
[Site "Naantali"]
[Date "2012.07.07"]
[Round "8"]
[White "Norri, Ilkka"]
[Black "Lehto, Mikko"]
[Result "0-1"]
[WhiteElo "1579"]
[BlackElo "1784"]
[PlyCount "48"]
[EventDate "2012.07.02"]
[EventType "swiss"]
[EventRounds "9"]
[EventCountry "FIN"]
[SourceTitle "CBM 149 Extra"]
[Source "ChessBase"]
[SourceDate "2012.08.24"]
[SourceVersion "1"]
[SourceVersionDate "2012.08.24"]
[SourceQuality "1"]

1. e4 e6 2. d4 d5 3. exd5 exd5 4. Bd3 c5 5. dxc5 Bxc5 6. Bb5+ Nc6 7. Nf3 Nge7 8. 0-0 0-0 9. Bg5 Bg4 10. Nbd2 Nd4 11. Bd3 h6 12. Bh4 Bd6 13. c3 Nxf3+ 14. Nxf3 Qc7 15. Bg3 Rad8 16. Bxd6 Rxd6 17. Re1 Rfd8 18. Rc1 Nc6 19. Qe2 Re6 20. Qd1 Rde8 21. Be2 Bxf3 22. gxf3 Qe7 23. Kf1 Qh4 24. Kg1 Rg6+ 0-1

[Event "Naantali op"]
[Site "Naantali"]
[Date "2012.07.05"]
[Round "5"]
[White "Norri, Ilkka"]
[Black "Tolonen, Jouko"]
[Result "1-0"]
[WhiteElo "1579"]
[BlackElo "1539"]
[PlyCount "87"]
[EventDate "2012.07.02"]
[EventType "swiss"]
[EventRounds "9"]
[EventCountry "FIN"]
[SourceTitle "CBM 149 Extra"]
[Source "ChessBase"]
[SourceDate "2012.08.24"]
[SourceVersion "1"]
[SourceVersionDate "2012.08.24"]
[SourceQuality "1"]

1. e4 e5 2. Nf3 Nc6 3. d4 exd4 4. Nxd4 Bb4+ 5. c3 Bc5 6. Nxc6 bxc6 7. Qf3 Ne7 8. Be2 0-0 9. 0-0 Ng6 10. Be3 Bb6 11. Nd2 d6 12. Nc4 Be6 13. Nxb6 axb6 14. b3 f5 15. exf5 Bxf5 16. Qxc6 Ra5 17. Qc4+ d5 18. Qd4 c5 19. Qd2 Be4 20. f3 Bf5 21. a4 Be6 22. Bf2 Nf4 23. Bb5 Qg5 24. Be3 Qh6 25. Bxf4 Rxf4 26. g3 Rf6 27. Qxh6 Rxh6 28. Rfe1 Ra8 29. Re5 Rd8 30. Rae1 Kf7 31. b4 c4 32. Rd1 Kf6 33. f4 Kf7 34. Bc6 d4 35. cxd4 Rd6 36. d5 Bd7 37. b5 Bg4 38. Rde1 Bf3 39. Re7+ Kf6 40. R7e6+ Rxe6 41. Rxe6+ Kf7 42. Rxh6 gxh6 43. Kf1 Ke7 44. Ke1 1-0